| 000 | 01225nam a22002177a 4500 | ||
|---|---|---|---|
| 999 |
_c60840 _d60840 |
||
| 003 | Ge_BSU | ||
| 005 | 20231106125400.0 | ||
| 008 | 231106s2021 ge ||||| |||| 00| 0 geo d | ||
| 020 | _a9789941829697 | ||
| 041 | _ageo | ||
| 080 | _a28 ჯ-14 | ||
| 100 |
_aჯაველიძე, ელიზბარ _917629 |
||
| 245 |
_aგანთიადის გამნათებელ ღმერთს ველტვი, რათა უკუნი ღამის ბოროტებას განვერიდო = Sabaha aydinliyan Rabbina siğinirim karanliği çoktuğu zaman gecenin kötülüğünden _bტ. 2 / _cელიზბარ ჯაველიძე; რედაქტორი ნინო კვიტაშვილი. |
||
| 264 |
_aთბილისი, _c2021. |
||
| 300 |
_a312 გვ. ; _b25 სმ. |
||
| 490 | _aთურქულენოვან ხალხთა ზნეობრივ-ესთეტიკური სამყარო | ||
| 500 | _aბიბლიოგრაფია: გვ. 300-310. | ||
| 653 | _aისლამი. | ||
| 700 |
_aკვიტაშვილი, ნინო _eრედაქტორი. _920288 |
||
| 942 |
_2udc _cᲬᲘᲒᲜᲘ |
||